000 00571nam a22001817a 4500
005 20251108170920.0
008 250721s1986 xx 000 0 ara d
082 1 4 _aط/511/محم
100 1 _aشوق، محمود أحمد
245 1 0 _aالأعداد من رقمين /
264 1 _aالرياض :
_bدار المريخ للنشر،
_c1986.
300 _a96ص : ايضاحات
490 0 _aسلسلة الرياضيات الحديثة للبراعم
650 1 7 _aالحساب
700 1 _aالصباغ، يوسف عزت
942 _2ddc
_cBK
999 _c52042
_d52042